header

The quest for the phoenix : (Record no. 117410)

MARC details
000 -LEADER
fixed length control field 01792nam a2200397 i 4500
001 - CONTROL NUMBER
control field ebr10755123
003 - CONTROL NUMBER IDENTIFIER
control field CaPaEBR
006 - FIXED-LENGTH DATA ELEMENTS--ADDITIONAL MATERIAL CHARACTERISTICS--GENERAL INFORMATION
fixed length control field m o d
007 - PHYSICAL DESCRIPTION FIXED FIELD--GENERAL INFORMATION
fixed length control field cr cn|||||||||
008 - FIXED-LENGTH DATA ELEMENTS--GENERAL INFORMATION
fixed length control field 020712s2003 gw a ob 001 0 eng d
020 ## - INTERNATIONAL STANDARD BOOK NUMBER
International Standard Book Number 9783110896572 (e-book)
Cancelled/invalid ISBN 9783110176377
040 ## - CATALOGING SOURCE
Original cataloging agency CaPaEBR
Language of cataloging eng
Description conventions rda
-- pn
Transcribing agency CaPaEBR
035 ## - SYSTEM CONTROL NUMBER
System control number (OCoLC)861527427
050 14 - LIBRARY OF CONGRESS CALL NUMBER
Classification number QD24.M3
Item number T558 2003eb
100 1# - MAIN ENTRY--PERSONAL NAME
Personal name Tilton, Hereward.
245 14 - TITLE STATEMENT
Title The quest for the phoenix :
Remainder of title spiritual alchemy and Rosicrucianism in the work of Count Michael Maier (1569-1622) /
Statement of responsibility, etc Hereward Tilton.
264 #1 - PRODUCTION, PUBLICATION, DISTRIBUTION, MANUFACTURE, AND COPYRIGHT NOTICE
Place of production, publication, distribution, manufacture Berlin ;
-- New York :
Name of producer, publisher, distributor, manufacturer Walter de Gruyter,
Date of production, publication, distribution, manufacture, or copyright notice 2003.
300 ## - PHYSICAL DESCRIPTION
Extent 1 online resource (332 pages) :
Other physical details illustrations.
336 ## - CONTENT TYPE
Content type term text
Source rdacontent
337 ## - MEDIA TYPE
Media type term computer
Source rdamedia
338 ## - CARRIER TYPE
Carrier type term online resource
Source rdacarrier
490 1# - SERIES STATEMENT
Series statement Arbeiten zur Kirchengeschichte ;
Volume number/sequential designation Bd. 88
504 ## - BIBLIOGRAPHY, ETC. NOTE
Bibliography, etc Includes bibliographical references and index.
588 ## - SOURCE OF DESCRIPTION NOTE
Source of description note Description based on print version record.
590 ## - LOCAL NOTE (RLIN)
Local note Electronic reproduction. Palo Alto, Calif. : ebrary, 2013. Available via World Wide Web. Access may be limited to ebrary affiliated libraries.
600 10 - SUBJECT ADDED ENTRY--PERSONAL NAME
Personal name Maier, Michael,
Dates associated with a name 1568?-1622.
650 #0 - SUBJECT ADDED ENTRY--TOPICAL TERM
Topical term or geographic name as entry element Alchemy
General subdivision History.
Topical term or geographic name as entry element Jungian psychology.
Topical term or geographic name as entry element Rosicrucians
General subdivision History.
655 #0 - INDEX TERM--GENRE/FORM
Genre/form data or focus term Electronic books.
776 08 - ADDITIONAL PHYSICAL FORM ENTRY
Display text Print version:
Main entry heading Tilton, Hereward.
Title Quest for the phoenix.
Place, publisher, and date of publication Berlin ; New York : Walter de Gruyter, 2003
Physical description 322 pages : illustrations ; 24 cm.
Series data for related item Arbeiten zur Kirchengeschichte ; Bd. 88.
International Standard Book Number 9783110176377
Record control number (OCoLC)50572166
797 2# - LOCAL ADDED ENTRY--CORPORATE NAME (RLIN)
Corporate name or jurisdiction name as entry element ebrary.
830 #0 - SERIES ADDED ENTRY--UNIFORM TITLE
Uniform title Arbeiten zur Kirchengeschichte ;
Volume number/sequential designation 88.
856 40 - ELECTRONIC LOCATION AND ACCESS
Uniform Resource Identifier <a href="http://site.ebrary.com/lib/rucke/Doc?id=10755123">http://site.ebrary.com/lib/rucke/Doc?id=10755123</a>
Public note An electronic book accessible through the World Wide Web; click to view

No items available.

© 2026 Rongo University
Contact us: librarian | system librarian | Rongo university